| 000 | 01230nam a2200337 i 4500 | ||
|---|---|---|---|
| 999 |
_c65566 _d65566 |
||
| 001 | 768714001 | ||
| 003 | CO-MdFUSB | ||
| 005 | 20200529173627.0 | ||
| 007 | ta | ||
| 008 | 200330t2005 -usac||| |||| 00| 0 eng d | ||
| 020 | _a9781565636125 | ||
| 040 |
_aCO-MdFUSB _bspa _cCO-MdFUSB _dCO-MdFUSBC _erda |
||
| 041 | _aeng | ||
| 082 |
_223 _a296.155 _bH669 |
||
| 100 |
_aHirschfeld, Yizhar. _eautor |
||
| 245 | 1 |
_aQumran in context : _breassessing the archaeological evidence _c/ Yizhar. Hirschfeld |
|
| 264 | 1 |
_a Massachusetts : _bHendrickson Publishers, _c[2005] |
|
| 264 | 4 | _c© 2005 | |
| 300 |
_a304 páginas _c; 23 cm |
||
| 336 |
_2rdacontent _atexto _btxt |
||
| 337 |
_2rdamedia _asin mediación _bn |
||
| 338 |
_2rdacarrier _avolumen _bnc |
||
| 500 | _aColección Dawn Christina Harrell | ||
| 505 | _aEl estudio de Qumran . -- El origen de los rollos: ¿Qumran o Jerusalén? -- La arqueología de Qumran. -- El estado de Qumran en ʻEin Feshkha. -- Qumran en contexto: el Valle del Mar Muerto en el período del Segundo Templo. | ||
| 563 | _aRùstico | ||
| 650 | 7 |
_980 _aComunidad de Qumrán |
|
| 650 | 7 |
_9403 _aExcavaciones arqueológicas |
|
| 942 | _cBK | ||
| 945 |
_aJTF-925 _bAEM-53 |
||